Responses for Show #4766 - Monday, May 2, 2005

2005 Ultimate Tournament of Champions Round 2, game 14.

Contestants

[<< previous game]

Arthur Phillips, an author from Brooklyn, New York

Pam Mueller, an entering law student originally from Chicago, Illinois

Eric Terzuolo, a retired diplomat and university professor from Bergen, Noord-Holland, the Netherlands

[next game >>]

Jeopardy! Round responses

ART
POP CULTURE
SHOE CROSSWORD CLUES
STATE FIRSTS
ANTHROPOLOGISTS
"N"VELOPED
(Alex: The "N" is in quotation marks because each correct response will begin with an "N" and end with an "N".)
    $200 1
(Pam: Who is Monet?)
...
(Alex: [*], yes. Those little rosy cheeks.)

Renoir

PamArthur
    $200 6
(Alex: You like my reading?)
(Arthur: It was beautiful, beautiful.)

boxing

Arthur
    $200 16
Hush Puppies

Pam
    $200 19
Pennsylvania

Arthur
    $200 21
Hollywood

Arthur
    $200 11
nation

Pam
    $400 2
Stuart

Pam
    $400 7
Paul Shaffer

Pam
    $400 17
Converse

Arthur
    $400 20
New Jersey

Arthur
    $400 22
(Arthur: What's Germany?)

Japan

PamArthur
    $400 12
nineteen

Arthur
    $600 3
the Ashcan School

Arthur
    $600 8
Band of Brothers

Arthur
    $600 18
moccasins

Eric
    $600 25
(Eric: What is Massachusetts?)
...
(Alex: [*], yes, Cincinnati.)

Ohio

EricArthur
    $600 28
rites of passage

Pam
    $3,200 13
(Alex: Oh, yes, came to you just in the nick of time. All right, go again.)
(Arthur: Uhh... I'm gonna just lie down for a little while.)

Northwestern

Arthur
    $800 4
(Jacques-Louis) David

Pam
    $800 9
(Arthur: What's Manhattan?)
...
(Alex: 1977.)

Annie Hall

PamArthur
    $800 23
Mary Janes

Pam
    $800 26
(Arthur: What's California?)

New York

PamArthur
    $800 29
(Pam: Who is King Kamehameha?)

(Capt.) Cook

EricPam
    $800 14
(Alex: One of their hit songs, [*].)

"The Neutron Dance"

Triple Stumper
    $1000 5
Titus

Arthur
    $1000 10
Robin Williams

Arthur
    $1000 24
K-Swiss

Arthur
    $1000 27
Virginia

Eric
    $1000 30
Asia & North America

Triple Stumper
    $1000 15
a neurotoxin

Pam

Scores at the first commercial break (after clue 15):

Eric Pam Arthur
$0 $3,400 $6,400

Scores at the end of the Jeopardy! Round:

Eric Pam Arthur
$1,800 $5,400 $8,000

Double Jeopardy! Round responses

PHILOSOPHERS
MOVIE TITLE ADJECTIVES
INNER SPACE
RUNNER-UP RUNNING MATES
SPELLINGE WYTH GEOFFREY CHAUCER
ENDS IN "OO"
    $400 1
Thoreau

Pam
    $400 2
French

Arthur
    $400 10
(Alex: Oh, you're going to hate yourself for missing this one...)

a dressing room

Triple Stumper
    $400 17
(Earl) Warren

Arthur
    $400 16
Bath

Pam
    $400 11
Waterloo

Pam
    $800 4
(Pam: Who is Kierkegaard?)

Nietzsche

EricPam
    $800 3
English

Eric
    $800 18
making it look larger

Pam
    $800 25
(Francis) Blair

Eric
    $1,300 30
April

Arthur
    $800 12
a kazoo

Arthur
    $1200 5
Kant

Pam
    $1200 7
American

Eric
    $1200 19
(Eric: Uh, what's a drawing room?)

formal

Eric
Triple Stumper
    $1200 22
(Alex: In fact, he went on to great success. It was [*].)

Franklin Delano Roosevelt

Triple Stumper
    $1200 6
a cradle

Arthur
    $3,000 14
(Alex: Yeees. [*] Joy Juice! Ah, well done, Pam.)

the Kickapoo

Pam
    $1600 8
David Hume

Eric
    $1600 13
Canadian

Pam
    $1600 20
the butler's pantry

Eric
    $1600 23
Adlai Stevenson

Pam
    $1600 26
(Arthur: What is an, uh, Owls?)
...
(Alex: You're close, Arthur, but it's the Parliament of [*], not Owls.)

Fowls

Arthur
Triple Stumper
    $1600 27
cockapoo & cockatoo

Arthur
    $2000 9
(Arthur: Who's Schopenhauer?)

Martin Heidegger

Arthur
Triple Stumper
    $2000 15
Spanish

Arthur
    $2000 21
(Alex: That is a [*]; it's my den.)
[Laughter]

coffered ceiling

Triple Stumper
    $2000 24
William Miller

Eric
    $2000 29
(Pam: Um, who is the Archbishop of Canterbury?)

martyr

Pam
Triple Stumper
    $2000 28
a jackaroo

Triple Stumper

Scores at the end of the Double Jeopardy! Round:

Eric Pam Arthur
$9,400 $12,000 $12,100

[wagering suggestions for these scores]

Final Jeopardy! Round responses

WORLD CITIES
(Alex: [To Eric] What is [*], Turkey--made capital by Kemal Ataturk.)
[When the camera comes to Arthur for his response reveal, he turns around to see if there's anyone behind him named Arthur, and then he covers over his podium's score display with his hands.]
(Alex: He has that wide-eyed look and he's looking to leave the room!)
EricWhat is Ankara?
$3,000
PamWhat is Ankara?
$6,699
ArthurWhat is Beirut
$12,095
Ankara

Final scores:

Eric Pam Arthur
$12,400 $18,699 $5
2nd place: $10,000 Winner: $20,000 + an advance to UToC Round 3 3rd place: $10,000

Game dynamics:

Coryat scores:

Eric Pam Arthur
$9,400 $10,200 $9,000
10 R,
2 W
19 R
(including 1 DD),
4 W
21 R
(including 2 DDs),
5 W

Combined Coryat: $28,600

[game clues] [game scores] [suggest correction]

Game tape date: 2005-03-29
The J! Archive is created by fans, for fans. Scraping, republication, monetization, and malicious use prohibited; this site may use cookies and collect identifying information. See terms. The Jeopardy! game show and all elements thereof, including but not limited to copyright and trademark thereto, are the property of Jeopardy Productions, Inc. and are protected under law. This website is not affiliated with, sponsored by, or operated by Jeopardy Productions, Inc. Join the discussion at JBoard.tv.